مکا شفتہ ا لقلو ب (ا ر د و ) (Record no. 170002)

MARC details
000 -LEADER
fixed length control field 00590nam a22001937a 4500
005 - DATE AND TIME OF LATEST TRANSACTION
control field 20191210110919.0
010 ## - LCCN (DPL NO)
LC control number A-374801
020 ## - INTERNATIONAL STANDARD BOOK NUMBER
Terms of availability 270.00
International Standard Book Number -
035 ## - SYSTEM CONTROL NUMBER
System control number A-374801
037 ## - SOURCE OF ACQUISITION
Source of stock number/acquisition BPPD
082 ## - DEWEY DECIMAL CLASSIFICATION NUMBER
Classification number 270
100 ## - MAIN ENTRY--PERSONAL NAME
Personal name ا ما م غز ا لی
245 ## - TITLE STATEMENT
Title مکا شفتہ ا لقلو ب (ا ر د و )
Statement of responsibility, etc ا ما م غز ا لی
246 ## - VARYING FORM OF TITLE
Title proper/short title Makashafta Alquloob(Urdu) (Urdu)
Remainder of title by Imam GHazali
260 ## - PUBLICATION, DISTRIBUTION, ETC. (IMPRINT)
Place of publication, distribution, etc Gaziabad
Date of publication, distribution, etc 1976 ء
Name of publisher, distributor, etc Book Service
270 ## - ADDRESS
Address Loni Road,
City Loni(Gaziabad)
Telephone number -
Postal code -
300 ## - PHYSICAL DESCRIPTION
Extent 688 ص
Dimensions 22 cm(hb)
942 ## - ADDED ENTRY ELEMENTS (KOHA)
Source of classification or shelving scheme Dewey Decimal Classification
Item type Urdu Bks
Classification part 270
Call number suffix م ح م
Holdings
Withdrawn status Lost status Not for loan Collection code Home library Current library Date acquired Source of acquisition Cost, normal purchase price Full call number Barcode Copy number Cost, replacement price Koha item type
    Ordered Non-fiction Central Library Central Library 10/12/2019 BPPD/Ven. 56.00 270 م ح م A-374801 1 56.00 Urdu Bks

© Delhi Public Library
Hit Counter
free hit counter